Estatísticas para Ucrânia

Clique aqui para jogar o quiz

Estatísticas Gerais

  • Esse quiz foi jogado 30 vezes
  • A pontuação média é 5 de 13

Estatísticas das Respostas

HintResposta% Correto
Qual é o seu idioma?Ucraniano
100%
Onde fica?Europa
96%
Qual é a sua capital?Kiev
96%
Que país invadiu a Ucrânia em fevereiro de 2022?Rússia
96%
Qual é o desporto mais popular?Futebol
72%
Qual é a sua religião?Cristianismo Ortodoxo
52%
Qual é a sua moeda?Grívnia
4%
Quem é o seu presidente?Zelenksy
4%
Qual é o instrumento musical tradicional do país?Bandura
0%
Qual é o seu ponto mais alto?Hoverla
0%
Qual é o seu prato típico?Pierogi
0%
Como se chama a flauta ucraniana?Sopilka
0%
Qual é o traje usado nos feriados do país?Vyshyvanka
0%

Distribuição das Pontuações

Percentil de Números Respondidos

Porcentagem de Pessoas com Cada Pontuação

Sua Pontuação Histórica

Você não jogou esse quiz